000 00586cab a22001935a 4500
001 L152333
008 110223e20110129xxk 000 0 eng d
035 _a(Sirsi) u152333
041 0 _aeng
100 1 _aBierach, Barbara
245 0 0 _aAussie agents look on the bright side
260 _c2011
490 _aEstates Gazette
_v(1104) 29 January 2011, 59-61(2)
520 _aEffects of the worst Australian flooding for a generation on the property market
590 _aKA
651 4 _aAustralia
690 _aPROPERTY-COMMERCIAL PROPERTY-COMMERCIAL PROPERTY MARKET
942 _n0
999 _c82941
_d82941